| 000 | 00000nam##2200000za#4500 |
| 001 | 9.678727 |
| 003 | CaOODSP |
| 005 | 20250506145324 |
| 007 | ta |
| 008 | 150407|1991||||xxc||||| f|0| 0 fre|d |
| 020 | |a0-662-96632-5 |
| 040 | |aCaOODSP|bfre |
| 043 | |an-cn--- |
| 086 | 1 |aA53-1863/1991F |
| 110 | 1 |aCanada.|bAgriculture Canada. |
| 245 | 10|aInsectes utiles et nuisibles du fraisier et du framboisier / |cpar D. E. Henderson, E.S. Cropconsult Ltd., Vancouver, et D. A. Raworth, Station de recherches, Vancouver. |
| 260 | |aOttawa - Ontario : |bAgriculture Canada |c1991. |
| 300 | |a35p. : |bill. (certaines en couleur) ; |c23 cm. |
| 504 | |aBibliographie. |
| 563 | |aCouverture souple |
| 590 | |a91-20|b1991-05-17 |
| 720 | 1 |aHenderson, D. E. |
| 720 | 1 |aRaworth, D. A. |
| 775 | 08|tBeneficial insects and common pests on strawberry and raspberry crops / |w(CaOODSP)9.644938 |
| 776 | 0#|tInsectes utiles et nuisibles du fraisier et du framboisier / |w(CaOODSP)9.643400 |
| 986 | |aPublication 1863/F |